Bluebell (Record no. 1857)

MARC details
000 -LEADER
fixed length control field 01019nam a22002177a 4500
005 - DATE AND TIME OF LATEST TRANSACTION
control field 20231005101819.0
020 ## - INTERNATIONAL STANDARD BOOK NUMBER
International Standard Book Number 9781407139548
040 ## - CATALOGING SOURCE
Original cataloging agency FISKH
Language of cataloging eng
Transcribing agency FISKH
Modifying agency FISKH
050 ## - LIBRARY OF CONGRESS CALL NUMBER
Classification number PZ
082 ## - DEWEY DECIMAL CLASSIFICATION NUMBER
Classification number 823.92
100 ## - MAIN ENTRY--PERSONAL NAME
Personal name Collins, Poppy
245 ## - TITLE STATEMENT
Title Bluebell
Remainder of title in dream mountain
Statement of responsibility, etc. Poppy Collins
260 ## - PUBLICATION, DISTRIBUTION, ETC.
Place of publication, distribution, etc. London :
Name of publisher, distributor, etc. Scholastic,
Date of publication, distribution, etc. 2014
300 ## - PHYSICAL DESCRIPTION
Extent 80, 9 unnumbered pages :
Other physical details illustrations ;
Dimensions 20 cm
505 ## - FORMATTED CONTENTS NOTE
Formatted contents note Q
520 ## - SUMMARY, ETC.
Summary, etc. The fairy princesses have been invited to a ball in DREAM MOUNTAIN! It's the biggest event of the year, and they can't wait to wear the perfect outfits. But when they get to the mountain, things start disappearing. Accessories go missing, and tiaras vanish! Bluebell must use all of her detective skills to find their missing A-line multi-tiered ballgowns, and eventually a trail of sparkles (and some help from the dream fairies) leads them to a meeting with the Dream Queen herself.
521 ## - TARGET AUDIENCE NOTE
Target audience note 870 <br/>
Source Lexile
521 ## - TARGET AUDIENCE NOTE
Target audience note Q <br/>
Source Raz-Plus
942 ## - ADDED ENTRY ELEMENTS (KOHA)
Source of classification or shelving scheme Dewey Decimal Classification
Koha item type Books
Suppress in OPAC No
999 ## -
-- 1857
-- 1857
Holdings
Withdrawn status Lost status Source of classification or shelving scheme Damaged status Not for loan Collection Home library Current library Shelving location Date acquired Total Checkouts Full call number Barcode Date last seen Price effective from Koha item type
    Dewey Decimal Classification     Juvenile Fiction Footprints International School Library Network Toul Kork Campus Footprints International School Library Network Toul Kork Campus A TK Campus, 4th Floor, Room B401, Fiction Bookcases (1-6) 10/05/2023   COL 827.92 PZ7 FISTKG4A028 10/05/2023 10/05/2023 Books